000 00280nam a22001337a 4500
008 180924b xxu||||| |||| 00| 0 eng d
020 _a0804663725
041 _aeng
080 _23 EDD
_a12
100 _a11
101 _aBIO
245 _aBiology
_cRaven.J
942 _2udc
_cBK
999 _c48329
_d48329